Statystyki dla 10 Największych miast w Prowansji (ze zdjęciami)

Kliknij tutaj aby rozwiązać quiz!

Ogólne statystyki

  • Ten quiz został rozwiązany 8 razy
  • Średni wynik to 4 z 10

Statystyki odpowiedzi

Odpowiedź% Poprawnych
Marsylia
100%
Nicea
88%
Cannes
50%
Aix
38%
Avignon
38%
Tulon
38%
Antibes
13%
Fréjus
13%
Hyères
13%
La Seyne-sur-Mer / La Seyne
13%

Rozkład punktacji

Percentyl według liczby udzielonych odpowiedzi

Procent ludzi z każdym wynikiem

Twoja historia wyników

Nie rozwiązałeś tego quizu